<?xml version="1.0" encoding="UTF-8"?>
<record
    xmlns:xsi="http://www.w3.org/2001/XMLSchema-instance"
    xsi:schemaLocation="http://www.loc.gov/MARC21/slim http://www.loc.gov/standards/marcxml/schema/MARC21slim.xsd"
    xmlns="http://www.loc.gov/MARC21/slim">

  <leader>00442    a2200121   4500</leader>
  <controlfield tag="001">ART_49122</controlfield>
  <controlfield tag="005">20260410161809.0</controlfield>
  <controlfield tag="008">260409a                                 </controlfield>
  <datafield tag="245" ind1="1" ind2="0">
    <subfield code="a">La verificaci&#xF3;n concursal de obligaciones a plazo frente a la eliminaci&#xF3;n del art&#xED;culo 753 del C&#xF3;digo Civil</subfield>
  </datafield>
  <datafield tag="100" ind1="1" ind2=" ">
    <subfield code="a">Lorente, Javier A.</subfield>
  </datafield>
  <datafield tag="700" ind1="1" ind2=" ">
    <subfield code="a">Mastrovincenzo, Mariana</subfield>
  </datafield>
  <datafield tag="773" ind1="0" ind2=" ">
    <subfield code="t">Doctrina Societaria y Concursal</subfield>
    <subfield code="g">- N&#xB0; 379 (jun. 2019)</subfield>
    <subfield code="w">REV4298</subfield>
  </datafield>
  <datafield tag="999" ind1=" " ind2=" ">
    <subfield code="c">21297</subfield>
    <subfield code="d">21297</subfield>
  </datafield>
</record>
